000 00392nam a2200145Ia 4500
008 210210b1991 xxu||||| |||| 00| 0 eng d
082 _a540.2 SARN
100 _aSARIN (N N) & SARIN (R N).
245 _aNumerical problems in chemistry.
260 _aN D
_bSultan Chand & Sons
_c1991
300 _aviii,727
650 _aChemistry Numerical Problems
690 _aChemistry
906 _a044911
999 _c94607
_d94607